Nhà văn hiện thực đời sống và cá tính sáng tạo Tiểu luận - Phê bình

Saved in:
Bibliographic Details
Main Author: Trần Đăng Suyền
Format: Book
Language:Undetermined
Published: H. Văn Học 2002
Subjects:
Tags: Add Tag
No Tags, Be the first to tag this record!
Institutions: Trung tâm Học liệu Trường Đại học Cần Thơ
LEADER 00626nam a2200205Ia 4500
001 CTU_52022
008 210402s9999 xx 000 0 und d
020 |b 27000 
082 |a 895.92209 
082 |b S527 
100 |a Trần Đăng Suyền 
245 0 |a Nhà văn hiện thực đời sống và cá tính sáng tạo 
245 0 |b Tiểu luận - Phê bình 
245 0 |c Trần Đăng Suyền 
260 |a H. 
260 |b Văn Học 
260 |c 2002 
650 |a vietnamese literature 
650 |x history and criticism 
980 |a Trung tâm Học liệu Trường Đại học Cần Thơ